FORMAZIONI ALL TIME DELLE MIGLIORI SOCITÀ EUROPEE DALL 2000 - Statistics

Statistiche generali
  • Questo quiz è stato fatto 1.776 volte
    1.759 dall'ultimo reset
  • Il punteggio medio è 100 su 180
Statistiche sulle risposte
SQUADRA RUOLO NAZIONE GIOCATORE % Corretto
REAL MADRID POR SPAGNA CASILLAS
96%
REAL MADRID AS PORTOGALLO CRISTIANO RONALDO
94%
JUVE AD PORTOGALLO CRISTIANO RONALDO
94%
INTER AD/ATT BRASILE RONALDO
93%
MAN UTD AD PORTOGALLO RONALDO
93%
REAL MADRID CC CROAZIA MODRIC
91%
BARCELLONA TRQ ARGENTINA MESSI
90%
BARCELLONA ATT URUGUAY SUAREZ
88%
LIVERPOOL ATT URUGUAY SUAREZ
88%
PSG POR ITALIA BUFFON
87%
JUVE POR ITALIA BUFFON
87%
BARCELLONA AD BRASILE NEYMAR
87%
PSG AD BRASILE NEYMAR
87%
REAL MADRID ALL ITALIA ANCELOTTI
86%
PSG ALL ITALIA ANCELOTTI
86%
MILAN ALL ITALIA ANCELOTTI
86%
REAL MADRID CC FRANCIA ZIDANE
85%
JUVE CC FRANCIA ZIDANE
85%
REAL MADRID ATT FRANCIA BENZEMA
84%
PSG TD MAROCCO HAKIMI
84%
REAL MADRID CC GERMANIA KROOS
83%
REAL MADRID DC/TD SPAGNA RAMOS
83%
BARCELLONA CC SPAGNA INIESTA
82%
PSG CC ITALIA VERRATTI
81%
BARCELLONA CC SPAGNA XAVI
81%
PSG ATT URUGUAY CAVANI
80%
NAPOLI ATT URUGUAY CAVANI
80%
JUVE TS ITALIA CHIELLINI
80%
PSG ATT SVEZIA IBRAHIMOVIC
80%
MILAN TS ITALIA MALDINI
80%
BARCELLONA DC SPAGNA PUYOL
80%
JUVE CC REP.CECA NEDVED
79%
JUVE CC ITALIA PIRLO
79%
MILAN CC ITALIA PIRLO
79%
JUVE DC ITALIA BONUCCI
78%
JUVE AS ITALIA DEL PIERO
78%
MILAN POR BRASILE DIDA
78%
BARCELLONA ALL SPAGNA GUARDIOLA
78%
MAN CITY ALL SPAGNA GUARDIOLA
78%
BAYERN MONACO ALL SPAGNA GUARDIOLA
78%
BARCELLONA TD BRASILE DANI ALVES
77%
PSG AS FRANCIA MBAPPE
77%
REAL MADRID TS BRASILE ROBERTO CARLOS
77%
MILAN TD BRASILE CAFU
76%
ROMA TD BRASILE CAFU
76%
MAN CITY AD SPAGNA DAVID SILVA
76%
BARCELLONA DC SPAGNA PIQUE
76%
PSG DC BRASILE THIAGO SILVA
76%
REAL MADRID AD PORTOGALLO FIGO
72%
INTER TD ARGENTINA ZANETTI
72%
INTER ATT CAMERUN ETO'O
71%
MILAN ATT ITALIA INZAGHI
71%
LAZIO ALL ITALIA INZAGHI
71%
MILAN DC ITALIA NESTA
71%
LAZIO DC ITALIA NESTA
71%
BARCELLONA AS BRASILE RONALDINHO
71%
MILAN ATT UCRAINA SHEVCHENKO
71%
MILAN TRQ BRASILE KAKA
70%
PSG DC BRASILE MARQUINHOS
70%
INTER ALL PORTOGALLO MOURINHO
70%
ROMA ATT ITALIA TOTTI
70%
BARCELLONA POR SPAGNA VALDES
70%
INTER POR BRASILE JULIO CESAR
69%
REAL MADRID ATT SPAGNA RAUL
69%
LIVERPOOL AD EGITTO SALAH
69%
NAPOLI ATT ARGENTINA HIGUAIN
67%
JUVE DC ITALIA CANNAVARO
66%
MILAN CC ITALIA GATTUSO
66%
INTER AS/ATT ARGENTINA MILITO
66%
LIVERPOOL POR BRASILE ALISSON
65%
ROMA POR ITALIA ALISSON
65%
JUVE ALL ITALIA CONTE
65%
LIVERPOOL AS SENEGAL MANE
64%
MAN UTD POR OLANDA VAN DER SAR
64%
LIVERPOOL DC OLANDA VAN DIJK
64%
ROMA ATT BOSNIA DZEKO
63%
MAN UTD ATT INGHILTERRA ROONEY
62%
JUVE TD FRANCIA THURAM
62%
MAN UTD ALL SCOZIA FERGUSON
61%
LIVERPOOL TS SCOZIA ROBERTSON
61%
JUVE ATT ARGENTINA TEVEZ
60%
MAN UTD DC SERBIA VIDIC
60%
MAN UTD TS FRANCIA EVRA
59%
ROMA CC BOSNIA PJANIC
59%
LIVERPOOL ATT SPAGNA TORRES
59%
BARCELLONA TS SPAGNA ALBA
58%
ROMA CC ITALIA DE ROSSI
58%
LIVERPOOL TD INGHILTERRA ALEXANDER ARNOLD
57%
MAN CITY ATT NORVEGIA HAALAND
57%
LIVERPOOL ALL GERMANIA KLOPP
57%
BAYERN MONACO POR GERMANIA NEUER
57%
INTER CC OLANDA SNEIJDER
57%
ARSENAL AS FRANCIA HENRY
56%
INTER TS BRASILE MAICON
56%
INTER DC ITALIA MATERAZZI
55%
INTER CC SERBIA STANKOVIC
54%
LAZIO CC SERBIA STANKOVIC
54%
MAN CITY POR BRASILE EDERSON
53%
REAL MADRID DC SPAGNA HIERRO
53%
BAYERN MONACO ATT POLONIA LEWANDOWSKI
53%
INTER DC ARGENTINA SAMUEL
53%
ROMA DC ARGENTINA SAMUEL
53%
INTER CC ARGENTINA CAMBIASSO
52%
MAN UTD AS GALLES GIGGS
52%
NAPOLI DC SENEGAL KOULIBALY
52%
BAYERN MONACO TD GERMANIA LAHM
52%
NAPOLI AD BELGIO MERTENS
52%
BAYERN MONACO AD OLANDA ROBBEN
52%
MAN CITY CC BELGIO DE BRUYNE
51%
NAPOLI CC SLOVACCHIA HAMSIK
51%
NAPOLI POR SPAGNA REINA
51%
MILAN TRQ OLANDA SEEDORF
51%
MAN CITY ATT ARGENTINA AGUERO
50%
ATLETICO MADRID AS ARGENTINA AGUERO
50%
MAN UTD DC INGHILTERRA FERDINAND
50%
LIVERPOOL CC INGHILTERRA GERRARD
50%
NAPOLI AS ITALIA INSIGNE
50%
BAYERN MONACO TRQ GERMANIA MULLER
50%
BAYERN MONACO AS FRANCIA RIBERY
49%
ROMA DC GERMANIA RUDIGER
48%
BAYERN MONACO TS AUSTRIA ALABA
47%
NAPOLI TD ITALIA DI LORENZO
47%
MAN UTD CC INGHILTERRA SCHOLES
47%
MAN UTD CC IRLANDA KEANE
46%
MAN CITY DC BELGIO KOMPANY
46%
MAN CITY CC COSTA D'AVORIO TOURE
45%
NAPOLI DC SPAGNA ALBIOL
44%
ATLETICO MADRID POR SLOVENIA OBLAK
41%
MAN CITY DC PORTOGALLO RUBEN DIAS
41%
ARSENAL ATT OLANDA VAN PERSIE
40%
PSG CC FRANCIA MATUIDI
39%
NAPOLI TS PORTOGALLO RUI
39%
ATLETICO MADRID TRQ FRANCIA GRIEZMANN
37%
LAZIO ATT ITALIA IMMOBILE
37%
BAYERN MONACO CC GERMANIA KIMMICH
37%
NAPOLI ALL ITALIA SARRI
37%
LAZIO CC ARGENTINA SIMEONE
37%
ATLETICO MADRID ALL ARGENTINA SIMEONE
37%
MAN CITY TS SERBIA KOLAROV
36%
ROMA ALL ITALIA RANIERI
36%
BAYERN MONACO DC GERMANIA HUMMELS
35%
PSG TS BRASILE MAXWELL
35%
MAN UTD TRQ INGHILTERRA BECKHAM
34%
BAYERN MONACO DC GERMANIA BOATENG
33%
ROMA TQR ITALIA CASSANO
32%
ATLETICO MADRID DC URUGUAY GODIN
32%
MAN UTD TD INGHILTERRA NEVILLE
32%
MAN CITY AS INGHILTERRA STERLING
32%
ARSENAL ALL FRANCIA WENGER
32%
LAZIO DC OLANDA STAM
31%
LIVERPOOL CC SPAGNA ALONSO
30%
ATLETICO MADRID CC SPAGNA KOKE
30%
ATLETICO MADRID ATT COLOMBIA FALCAO
29%
LAZIO CC ARGENTINA VERON
29%
MAN CITY TD ARGENTINA ZABALETA
26%
ROMA TS FRANCIA CANDELA
25%
ARSENAL DC INGHILTERRA CAMPBELL
24%
ARSENAL POR GERMANIA LEHMANN
24%
NAPOLI CC ITALIA JORGINHO
23%
ARSENAL CC OLANDA BERGKAMP
22%
ARSENAL TS INGHILTERRA COLE
22%
ARSENAL CC GERMANIA OZIL
22%
BAYERN MONACO CC GERMANIA SCHWEINSTEIGER
21%
ARSENAL AD FRANCIA PIRES
19%
ARSENAL CC FRANCIA VIERA
19%
LIVERPOOL DC INGHILTERRA CARRAGHER
18%
LAZIO POR ITALIA PERUZZI
18%
ATLETICO MADRID AD SPAGNA VILLA
18%
ATLETICO MADRID TD SPAGNA JUANFRAN
16%
ATLETICO MADRID DC BRASILE MIRANDA
16%
LAZIO ATT LAZIO CRESPO
14%
ATLETICO MADRID CC SPAGNA GABI
14%
ARSENAL TD FRANCIA SAGNA
14%
ATLETICO MADRID TS BRASILE FELIPE LUIS
13%
LAZIO TD SERBIA MIHAJLOVIC
12%
ARSENAL DC INGHILTERRA ADAMS
4%
LAZIO CC REP. CECA NEVDED
3%
LAZIO TS ITALIA ODDO
3%
MILAN DC BRASILE THIGO SILVA
2%
ROMA CC BELGIO NAINGGOLANG
1%
Nessun quiz corrispondente trovato
Distribuzione punteggi
Percentuale di utenti per punteggio
Percentile per numero di risposta
I tuoi punteggi nel tempo
Non hai fatto questo quiz dall'ultimo reset